| 000 | 00786 a2200265 4500 | ||
|---|---|---|---|
| 003 | OSt | ||
| 005 | 20180116192352.0 | ||
| 008 | 120601t xxu||||| |||| 00| 0 eng d | ||
| 010 | _a 2010280133 | ||
| 020 | _a0714846376 | ||
| 020 | _a9780714846378 | ||
| 040 | _c0 | ||
| 082 | _a779.2092 | ||
| 100 | 1 |
_aMcCurry, Steve _93764 |
|
| 245 | 0 | 0 |
_aLooking east : _bportraits _cby Steve McCurry |
| 260 |
_aNew York : _bPhaidon Press, _cc2006. |
||
| 300 |
_a122 p. : _bcol. ill. ; _c39 cm. |
||
| 600 | 1 | 0 |
_aMcCurry, Steve. _93765 |
| 650 | 1 | 0 |
_aPortraits. _93766 |
| 650 | 1 | 0 |
_aPhotography, Artistic. _93767 |
| 651 | 1 | 0 |
_aSouth Asia _93768 |
| 651 | 1 | 0 |
_aSoutheast Asia _93769 |
| 942 |
_aSADA _cBK _k779.2092 MCC 2006 _2ddc |
||
| 999 |
_c352961 _d352961 |
||